Wer lügt? - Statistiken

Allgemein
  • Dieses Quiz wurde 1.156 mal gespielt
    95 seit der letzten Aktualisierung
  • Das Durchschnittsergebnis liegt bei 8 aus 16
Antwortstatistiken
Frage Antwort % Korrekt
Ich spiele in der Saison 2025/26 in der UEFA Champions League. 1. FC Köln
84%
Ich bin ein Bundesstaat der Vereinigten Staaten von Amerika. Montgomery
82%
Ich habe rote Haare. Bibi Blocksberg
78%
Mein offizielles Zahlungsmittel ist der Euro. Schweden
77%
Ich bin 2014 Fußball-Weltmeister geworden. Marco Reus
69%
Ich bin ein Mainzelmännchen. Fränzchen
51%
Ich bin nach meinem Erfinder benannt. Gullydeckel
49%
Ich bin ein Ortsteil von Berlin. Wilhelmsburg
41%
Ich bin größer als Deutschland. Finnland
38%
Ich spiele einen Tatort-Kommissar. Kai Wiesinger
35%
Ich hatte einen Nummer-1-Single-Hit in Deutschland. Bon Jovi
31%
Ich war ein "Spiel des Jahres". Monopoly
30%
Ich war mal Bundestagspräsident. Klaus Töpfer
29%
Ich war mal Bundesinnenminister. Klaus Kinkel
25%
Ich bin ein Song von Herbert Grönemeyer Krieg
24%
Ich war schonmal Europäische Kulturhauptstadt. Sevilla
15%
Keine übereinstimmenden Quizze gefunden
Verteilung der Resultate
Anzahl Personen mit jedem Resultat
Perzentil nach korrekt beantworteten Fragen
Ihre Resultats-Entwicklung
Sie haben dieses Quiz seit der letzten Aktualisierung nicht gespielt